书目信息 |
| 题名: |
2016注册会计师全国统一考试历年试题专家权威精解
|
|
| 作者: | ;全国注册会计师考试命题研究委员会 编著 | |
| 分册: | 财务成本管理 | |
| 出版信息: | 北京 北京航空航天大学出版社 2016 |
|
| 页数: | 243页 | |
| 开本: | 26cm | |
| 丛书名: | 注册会计师全国统一考试辅导系列丛书 | |
| 单 册: | ||
| 中图分类: | F23-44 , F275.3-44 | |
| 科图分类: | ||
| 主题词: | 注册会计师--Zhu Ce Hui Ji Shi--考核--题解 , 企业管理--Qi Ye Guan Li--成本管理--考核--题解 | |
| 电子资源: | ||
| ISBN: | 978-7-5124-2097-7 | |
| 000 | 01295nam0 22002771 450 | |
| 001 | 0101082341 | |
| 005 | 20161201110112.71 | |
| 010 | @a978-7-5124-2097-7@dCNY29.80 | |
| 100 | @a20160812d2016 em y0chiy50 ea | |
| 101 | 0 | @achi |
| 102 | @aCN@b110000 | |
| 105 | @ay zq 000yy | |
| 106 | @ar | |
| 200 | 1 | @a2016注册会计师全国统一考试历年试题专家权威精解@A2016Zhu Ce Hui Ji Shi Quan Guo Tong Yi Kao Shi Li Nian Shi Ti Zhuan Jia Quan Wei Jing Jie@i财务成本管理@f全国注册会计师考试命题研究委员会编著 |
| 210 | @a北京@c北京航空航天大学出版社@d2016 | |
| 215 | @a243页@d26cm | |
| 225 | 2 | @a注册会计师全国统一考试辅导系列丛书@AZhu Ce Hui Ji Shi Quan Guo Tong Yi Kao Shi Fu Dao Xi Lie Cong Shu@f朱经纬总主编 |
| 330 | @a本套书是从事全国注册会计师考试辅导的一线教师及原命题组的专家、教授智慧和劳动的结晶,本册为财务成本管理卷,每套试题均配有详细的解析,对干扰项进行了详细分析。 | |
| 461 | 0 | @12001 @a注册会计师全国统一考试辅导系列丛书 |
| 606 | 0 | @a注册会计师@AZhu Ce Hui Ji Shi@x考核@j题解 |
| 606 | 0 | @a企业管理@AQi Ye Guan Li@x成本管理@x考核@j题解 |
| 690 | @aF23-44@v5 | |
| 690 | @aF275.3-44@v5 | |
| 711 | 02 | @a全国注册会计师考试命题研究委员会@AQuan Guo Zhu Ce Hui Ji Shi Kao Shi Ming Ti Yan Jiu Wei Yuan Hui@4编著 |
| 801 | 0 | @aCN@bTANGWEI@c20161128 |
| 905 | @b0950275-9@dF23-44@e520@f5 | |
| 2016注册会计师全国统一考试历年试题专家权威精解.财务成本管理/全国注册会计师考试命题研究委员会编著 .-北京:北京航空航天大学出版社,2016 |
| 243页;26cm.-(注册会计师全国统一考试辅导系列丛书/朱经纬总主编) |
| ISBN 978-7-5124-2097-7:CNY29.80 |
| 本套书是从事全国注册会计师考试辅导的一线教师及原命题组的专家、教授智慧和劳动的结晶,本册为财务成本管理卷,每套试题均配有详细的解析,对干扰项进行了详细分析。 |
| ● |
| 相关链接 |
|
|
|
|
正题名:2016注册会计师全国统一考试历年试题专家权威精解
索取号:F23-44/520
 
预约/预借
| 序号 | 登录号 | 条形码 | 馆藏地/架位号 | 状态 | 备注 |
| 1 | 0950275 | 209502750 | 第一样本阅览室/ [索取号:F23-44/520] | 在馆 | |
| 2 | 0950276 | 209502769 | 第一借阅区/ [索取号:F23-44/520] | 在馆 | |
| 3 | 0950277 | 209502778 | 第一借阅区/ [索取号:F23-44/520] | 在馆 | |
| 4 | 0950278 | 209502787 | 第一借阅区/ [索取号:F23-44/520] | 在馆 | |
| 5 | 0950279 | 209502796 | 第一借阅区/ [索取号:F23-44/520] | 在馆 |